El Gran Dios /

Wedi'i Gadw mewn:
Manylion Llyfryddiaeth
Prif Awdur: Betto, Frei
Fformat: Texto
Pynciau:
Tagiau: Ychwanegu Tag
Dim Tagiau, Byddwch y cyntaf i dagio'r cofnod hwn!

MARC

LEADER 00000 a a2200000 04500
001 18265
003
040
100 |a Betto, Frei  
245 |a El Gran Dios /  |c Frei Betto 
650 |a MERCADO  
650 |a CREENCIA  
650 |2 Macrothesaurus de la OCDE  
773 |g número 95; páginas 97-98  
999 |c 27364  |d 27364